|
|
|
|
| LEADER |
00000nam0a2200000 4500 |
| 001 |
675506 |
| 005 |
20241015114232.0 |
| 090 |
|
|
|a 675506
|
| 100 |
|
|
|a 20241015d1979 k||y0rusy50 ca
|
| 101 |
0 |
|
|a rus
|
| 102 |
|
|
|a RU
|
| 105 |
|
|
|a a z 001yy
|
| 181 |
|
0 |
|a i
|b e
|
| 182 |
|
0 |
|a n
|
| 183 |
|
0 |
|a nc
|2 RDAcarrier
|
| 200 |
1 |
|
|a Типологические изменения режима озер в условиях культурных ландшафтов
|e [монография]
|f Г. С. Шилькрот
|g Институт географии АН СССР
|
| 203 |
|
|
|a Текст
|b визуальный
|c непосредственный
|
| 210 |
|
|
|a Москва
|c Наука
|d 1979
|
| 215 |
|
|
|a 168 с.
|c ил.
|
| 283 |
|
|
|a volume
|2 RDAcarrier
|
| 320 |
|
|
|a Литература: с. 159-167
|
| 606 |
1 |
|
|a Озера
|x Водный режим
|9 65915
|
| 610 |
1 |
|
|a биолимнические типы
|
| 610 |
1 |
|
|a антропогенные факторы
|
| 610 |
1 |
|
|a водосборы
|
| 610 |
1 |
|
|a искусственная аэрация
|
| 610 |
1 |
|
|a водная масса
|
| 675 |
|
|
|a 556.555
|v 4
|
| 700 |
|
1 |
|a Шилькрот
|b Г. С.
|g Галина Сергеевна
|
| 712 |
0 |
2 |
|a Академия наук СССР
|b Институт географии
|c (Москва)
|c (1936-1991)
|4 570
|9 25083
|
| 801 |
|
0 |
|a RU
|b 63413507
|c 20241015
|
| 830 |
|
|
|a Ретро2024Каталогизация Мотырева
|
| 850 |
|
|
|a 63413507
|
| 942 |
|
|
|c BK
|